书目信息 |
| 题名: |
京剧选编(三)
|
|
| 作者: | 钮骠 著 | |
| 分册: | ||
| 出版信息: | 北京 中国戏剧出版社 1990.11 |
|
| 页数: | 222页 | |
| 开本: | 20cm | |
| 丛书名: | ||
| 单 册: | ||
| 中图分类: | J643.1 | |
| 科图分类: | ||
| 主题词: | 音乐--作品--中国 | |
| 电子资源: | ||
| ISBN: | ||
| 000 | 00530nam0 2200193 45 | |
| 001 | 0312221749 | |
| 005 | 20031222171152.7 | |
| 010 | @dCNY5.20 | |
| 100 | @a20031222d1990 km y0chiy0120 ea | |
| 101 | @achi | |
| 105 | @a z 000yy | |
| 200 | 1 | @a京剧选编(三)@AJing Ju Xuan Bian(San)@f钮骠等著@FNiu Biao Deng Zhu |
| 210 | @a北京@c中国戏剧出版社@d1990.11 | |
| 215 | @a222页@d20cm | |
| 606 | 0 | @a音乐@x作品@x中国 |
| 690 | @aJ643.1@v3 | |
| 701 | 0 | @a钮骠@4著 |
| 801 | @aCN@bTSTCL@c20031222 | |
| 905 | @a213230@dJ643.1@e120:3@b249857@f1 | |
| 京剧选编(三)/钮骠等著.-北京:中国戏剧出版社,1990.11 |
| 222页;20cm |
| ISBN :CNY5.20 |
| ● |
| 相关链接 |
|
|
|
|
正题名:京剧选编(三)
索取号:J643.1/120:3
 
预约/预借
| 序号 | 登录号 | 条形码 | 馆藏地/架位号 | 状态 | 备注 |
| 1 | 0249857 | 001204253 | 第一样本阅览室/ [索取号:J643.1/120:3] | 在馆 |